000
00337nam a2200145Ia 4500
008
230718s9999 xx 000 0 und d
041
_a
Eng.
082
_a
346
_b
SMI-L
100
_a
Smith , Stephen A.
245
0
_a
Law of Contract
260
_a
Pakistan
_b
Oxfor university press
_c
2005
300
_a
441
650
_a
Law
999
_c
29662
_d
29662